| 000 | 00656nam a2200205 i 4500 | ||
|---|---|---|---|
| 001 | 83596 | ||
| 003 | ES-MaACL | ||
| 005 | 20250730233733.0 | ||
| 007 | t| | ||
| 008 | 041117s1957 sp ||||1| spa d | ||
| 100 | 1 |
_aIsamat de la Riva, Fabián. _965530 |
|
| 245 | 1 | 0 |
_aCisticercosis cerebral / _cpor Fabián Isamat de la Riva ; prólogo de A. Pedro-Pons. |
| 250 | _a[1ª ed.]. | ||
| 260 |
_aBarcelona : _bVergara, _c1957 ( _fDalmau Carles & Cª) |
||
| 300 |
_a228 p., 2 lám. : _bil. ; _c25 cm. |
||
| 650 | 4 |
_aCisticercosis. _9168002 |
|
| 700 | 1 |
_aPedro Pons, A., _d1898-1971 _989929 |
|
| 852 |
_aES-MaACL _jC-12225 _bR.40404 |
||
| 999 |
_c83596 _d83596 |
||